Países por Nome Anterior - Statistics

Estatísticas Gerais
  • Esse quiz foi jogado 4 608 vezes
  • A pontuação média é 9 de 20
Estatísticas das Respostas
Nome Anterior Nome Atual % Correto
Birmânia Myanmar
82%
Pérsia Irã
81%
Macedônia Macedônia do Norte
80%
Guiana Neerlandesa Suriname
74%
Suazilândia Essuatíni
65%
Zaire República Democrática do Congo
56%
Índias Orientais Neerlandesas Indonésia
54%
Paquistão Oriental Bangladesh
51%
Ceilão Sri Lanka
44%
Sião Tailândia
43%
Formosa Taiwan
40%
Rodésia do Sul Zimbábue
40%
Rodésia do Norte Zâmbia
39%
Honduras Britânicas Belize
33%
Boêmia República Tcheca
31%
Abissínia Etiópia
28%
Nova Holanda Austrália
25%
Costa do Ouro Gana
24%
Niassalândia Malawi
13%
Novas Hébridas Vanuatu
10%
Nenhum quiz correspondente encontrado
Distribuição das Pontuações
Porcentagem de Pessoas com Cada Pontuação
Percentil de Números Respondidos
Sua Pontuação Histórica
Você não jogou esse quiz